00710nam a2200241 a 4500001001300000003000900013005001700022008004100039020002300080082001400103100002200117245003400139260004300173300000900216500003500225505002400260650001500284700002200299902000800321942000700329952011500336999001700451nice12345678IN_TiNIC20260116014023.0111116s2010 lona grp 000 0 eng  a9780415474610c22500a190bRUS4 aRussell, Bertrand aPhilosophy of Logical Atomism aLondon bRoutledge Chapman Hall c2010 a162p aincludes index and biblioraphy2 aBibliography, Index aPhilosophy1 aRussell, Bertrand bSRS cBK 001040708StackRoom-aHMIbHMId2011-11-16g225.00l0o190 RUS4p023709r2011-11-16v225.00w2011-11-16yBK c13536d13536